Teaching library use (Record no. 147391)

MARC details
000 -LEADER
fixed length control field 00725nam a2200253Ia 4500
003 - CONTROL NUMBER IDENTIFIER
control field OSt
005 - DATE AND TIME OF LATEST TRANSACTION
control field 20220918173142.0
008 - FIXED-LENGTH DATA ELEMENTS--GENERAL INFORMATION
fixed length control field 220917b |||||||| |||| 00| 0 eng d
037 ## - SOURCE OF ACQUISITION
Terms of availability Textual
040 ## - CATALOGING SOURCE
Original cataloging agency ARTS
Transcribing agency ARTS
Language of cataloging eng
041 ## - LANGUAGE CODE
Source of code eng
Language code of text/sound track or separate title eng
100 ## - MAIN ENTRY--PERSONAL NAME
Personal name Rice James.
9 (RLIN) 45099
245 #0 - TITLE STATEMENT
Title Teaching library use
Remainder of title A guide for library instruction
260 ## - PUBLICATION, DISTRIBUTION, ETC.
Place of publication, distribution, etc. Westport
Name of publisher, distributor, etc. Greenwood Press
Date of publication, distribution, etc. 1981
300 ## - PHYSICAL DESCRIPTION
Extent vi,169p Bibliography
Dimensions cm.
490 ## - SERIES STATEMENT
Series statement Contributions inlibrarianship and information science; 37
650 ## - SUBJECT ADDED ENTRY--TOPICAL TERM
Topical term or geographic name entry element LIBRARY SCIENCE
942 ## - ADDED ENTRY ELEMENTS (KOHA)
Classification part 2:7, M1
Koha item type Textual
Source of classification or shelving scheme Colon Classification (CC)
Holdings
Withdrawn status Lost status Damaged status Not for loan Home library Current library Date acquired Total Checkouts Full call number Barcode Date last seen Price effective from Koha item type
        Arts Library Arts Library 2022-09-18   2:7 M1 AL0886714 2022-09-18 2022-09-18 Textual
Copyright @ Delhi University Library System